| 000 | 00708cam a22002413a 4500 | ||
|---|---|---|---|
| 001 | 30690 | ||
| 003 | PGUSA | ||
| 005 | 20140828083650.0 | ||
| 008 | 091216s2009||||xxu|||||s|||||000 p eng d | ||
| 040 |
_aPGUSA _beng |
||
| 042 | _adc | ||
| 050 | 4 | _aPR | |
| 100 | 1 |
_aGodley, A. D. _q(Alfred Denis), _d1856-1925 |
|
| 245 | 1 | 4 |
_aThe Casual Ward : _bacademic and other oddments _h[electronic resource] / _cA. D. Godley |
| 260 |
_bProject Gutenberg, _c2009 |
||
| 506 | _aPublic domain in the USA. | ||
| 516 | _aElectronic text | ||
| 653 | _aEnglish wit and humor | ||
| 653 | _aHumorous poetry, English | ||
| 830 | 0 |
_aProject Gutenberg _v30690 |
|
| 856 | 4 | 0 | _uhttp://www.gutenberg.org/ebooks/30690 |
| 942 | _cEB | ||
| 999 |
_c259945 _d259945 |
||